00419nam a2200133Ia 4500008004100000041000800041082001300049100001600062245010400078260002500182300000800207365001600215700005400231230718s9999 xx 000 0 und d aeng a658bCAN aCanfield J. aChicken Soup For The Women's Soulb101 Stories To Open The Hearts And Rekindle The Spirits Of Women c2001bWestland Books a380 cRs.b195.00 aCanfield J., Hansen M., Hawthorne J. & Shimoff M.